000 00325 a2200109 4500
001 ART_24827
005 20260410161934.0
008 260409a
245 1 0 _aLos nuevos principios de diseño organizacional
100 1 _aDrucker, Peter Ferdinand
773 0 _tGestión
_g- Nº 6 (abr./mayo 1974)
_wREV24740
999 _c28877
_d28877